000 00446nam a2200193Ia 4500
005 20250603144436.0
008 250603s9999 xx 000 0 und d
020 _a978-0-273-71136-0
050 _aHF 5657 .4. A873/
100 _aEddie McLaney
245 0 _aAccounting An Introduction
250 _a4th ed.
260 _aHarlow
260 _bPearson Education
260 _c2008
300 _a799 p
650 _aHarlow
942 _cBK
999 _c38933
_d38933